30 Famous People from Norway - Statistics

General Stats
  • This quiz has been taken 251 times
    37 since last reset
  • The average score is 13 of 30
Answer Stats
Hint Answer % Correct
First explorer to reach the South Pole in 1911 Roald Amundsen
85%
Painter known for his work The Scream Edvard Munch
79%
Footballer who played as a striker for Borussia Dortmund and Manchester City Erling Haaland
76%
World Chess Champion from 2013 to 2023 Magnus Carlsen
65%
King of Norway since 1991 Harald V
62%
One of the first Europeans to reach North America Leif Erikson
62%
Founder of the first European settlement on Greenland Erik the Red
53%
Footballer and later coach of Manchester United Ole Gunnar Solskjaer
53%
The first athlete to win six gold medals at a single Winter Games during Milano Cortina 2026 Johannes Høsflot Klæbo
50%
Track and field athlete who holds world record in 400 m hurdles Karsten Warholm
50%
Military officer who headed the government during the occupation of the country by Nazis Vidkun Quisling
50%
Highest-ranked Norwegian tennis player in history Casper Ruud
47%
Romantic era composer whose famous piece is In the Hall of the Mountain King Edvard Grieg
47%
13th Secretary General of NATO from 2014 to 2024 Jens Stoltenberg
47%
Adventurer known for his Kon-Tiki expedition in 1947 Thor Heyerdahl
47%
DJ who received international acclaim after releasing the single Faded Alan Walker
41%
Playwright and theatre director often referred to as "the Father of Realism" Henrik Ibsen
41%
Two-time Olympic gold medalist and one of Norway's greatest alpine skiers Aksel Lund Svindal
38%
World-famous DJ and producer who pioneered the "tropical house" genre Kygo
38%
Lead singer of the synthpop/rock band A-ha Morten Harket
38%
Middle-distance runner and Olympic gold medalist Jakob Ingebrigtsen
35%
The most decorated Winter Olympian of all time with 15 medals in cross-country skiing Marit Bjørgen
35%
Explorer who led a number of expeditions to the Arctic Fridtjof Nansen
32%
Resistance fighter during World War II, specialising in sabotage in occupied Norway Max Manus
32%
Writer known primarily for his crime novels featuring Inspector Harry Hole Jo Nesbo
29%
Rally driver who won the World Rally Championship in 2003 Petter Solberg
29%
Actress who had two Oscar nominations for movies The Emigrants and Face to Face Liv Ullmann
26%
Viking who became the first ruler of Normandy Rollo
9%
Female javelin thrower who was European, World, and Olympic Champion Trine Hattestad
9%
King of Norway whose death marked the end of the Viking Age Harald Hardrada
3%
No matching quizzes found
Score Distribution
Percent of People with Each Score
Percentile by Number Answered
Your Score History
You have not taken this quiz since the last reset